Statistics for Serie A Current Managers

Click here to take the quiz!

General Stats

  • This quiz has been taken 13 times
    (8 since last reset)
  • The average score is 15 of 20

Answer Stats

TeamNationalityManager Name% Correct
RomaItalianDaniele De Rossi
100%
LazioCroatianIgor Tudor
100%
InternazionaleItalianSimone Inzaghi
100%
MilanItalianStefano Pioli
100%
BolognaItalianThiago Motta
100%
CagliariItalianClaudio Ranieri
88%
AtalantaItalianGian Piero Gasperini
88%
TorinoCroatianIvan Jurić
88%
JuventusItalianMassimiliano Allegri
88%
FiorentinaItalianVincenzo Italiano
88%
GenoaItalianAlberto Gilardino
75%
SassuoloItalianDavide Ballardini
63%
NapoliItalianFrancesco Calzona
63%
MonzaItalianRaffaele Palladino
63%
EmpoliItalianDavide Nicola
50%
FrosinoneItalianEusebio Di Francesco
50%
UdineseItalianGabriele Cioffi
38%
LecceItalianLuca Gotti
38%
Hellas VeronaItalianMarco Baroni
38%
SalernitanaItalianStefano Colantuono
38%

Score Distribution

Percentile by Number Answered

Percent of People with Each Score

Your Score History

You have not taken this quiz since the last reset